Một hướng tiếp cận khác về trạng ngữ trong tiếng Việt /
Guardado en:
| Autor principal: | |
|---|---|
| Formato: | Artículo |
| Lenguaje: | Vietnamese |
| Materias: | |
| Etiquetas: |
Agregar Etiqueta
Sin Etiquetas, Sea el primero en etiquetar este registro!
|
| Thư viện lưu trữ: | Thư viện Trường Đại học Đà Lạt |
|---|
| LEADER | 00810nam a2200277 4500 | ||
|---|---|---|---|
| 001 | DLU190189846 | ||
| 005 | ##20190315 | ||
| 040 | # | # | |a DLU |b vie |
| 041 | # | # | |a vie |
| 044 | # | # | |a vn |
| 100 | # | # | |a Nguyễn Thị Minh Trang. |
| 245 | # | # | |a Một hướng tiếp cận khác về trạng ngữ trong tiếng Việt / |c Nguyễn Thị Minh Trang. |
| 653 | # | # | |a Chức năng |
| 653 | # | # | |a Phân loại |
| 653 | # | # | |a Tính chất |
| 653 | # | # | |a Trạng ngữ |
| 773 | # | # | |t Ngôn ngữ & đời sống |g Số 12(266), 2017, tr. 31-36 |
| 920 | # | # | |a Phòng Tạp chí -- Trung tâm Thông tin - Thư viện Trường Đại học Đà Lạt |
| 994 | # | # | |a DLU |
| 900 | # | # | |a True |
| 911 | # | # | |a Hoàng Thị Huyền |
| 925 | # | # | |a G |
| 926 | # | # | |a A |
| 927 | # | # | |a BB |
| 980 | # | # | |a Thư viện Trường Đại học Đà Lạt |